Harry Potter Name Game Extreme!! - Statistics

General Stats
  • This quiz has been taken 44 times
    31 since last reset
  • The average score is 127 of 195
Answer Stats
Surname First Name % Correct
Abbott Hannah
96%
Bagman Ludovic
92%
Bagshot Bathilda
88%
James Sirius
88%
Marcus
88%
Sirius
88%
Bryce Frank
84%
Granger Hermione
84%
Reg
84%
Riddle Tom Sr.
84%
Dumbledore Aberforth
80%
Albus
80%
Potter Albus Severus
80%
Longbottom Alice
80%
Amycus
80%
Johnson Angelina
80%
Filch Argus
80%
Ariana
80%
Barty Jr.
80%
Crouch Barty Sr.
80%
Lestrange Bellatrix
80%
Chang Cho
80%
Creevey Colin
80%
Fudge Cornelius
80%
Dennis
80%
Draco
80%
Dursley Dudley
80%
Greyback Fenrir
80%
Flitwick Filius
80%
Delacour Fleur
80%
Gabrielle
80%
Gryffindor Godric
80%
Goyle Gregory
80%
Harry
80%
Hufflepuff Helga
80%
Karkaroff Igor
80%
Finch-Fletchley Justin
80%
Brown Lavender
80%
Jordan Lee
80%
Lily Luna
80%
Lucius II
80%
Lovegood Luna
80%
Marjorie
80%
Gaunt Marvolo
80%
Narcissa
80%
Neville
80%
Hornby Olive
80%
Clearwater Penelope
80%
Petunia
80%
Regulus
80%
Lupin Remus
80%
Ron
80%
Hagrid Rubeus
80%
Scrimgeour Rufus
80%
Snape Severus
80%
Teddy
80%
Tom Marvolo
80%
Vernon
80%
Crabbe Vincent
80%
Xenophilius
80%
Moody Alastor
76%
Carrow Alecto
76%
Spinnet Alicia
76%
Bones Amelia
76%
Figg Arabella
76%
Weasley Arthur
76%
Augusta
76%
Bill
76%
Zabini Blaise
76%
Charlie
76%
Mclaggen Cormac
76%
Binns Cuthbert
76%
Fred
76%
Fred II
76%
George
76%
Lockhart Gilderoy
76%
Slughorn Horace
76%
James
76%
Kendra
76%
Shacklebolt Kingsley
76%
LiIy
76%
Cattermole | Macdonald Mary
76%
Bagnold | Bulstrode Millicent
76%
Mcgonagall Minerva
76%
Molly
76%
Molly II
76%
Scamander Newt
76%
De Mimsy-Porpington Nicholas
76%
Wood Oliver
76%
Maxime Olympe
76%
Patil Padma
76%
Parkinson Pansy
76%
Parvati
76%
Pettigrew Peter
76%
Pomfrey Poppy
76%
Rowena
76%
Susan
76%
Sybill
76%
Boot Terry
76%
Krum Viktor
76%
Jorkins Bertha
72%
Macmillan Ernie
72%
Rosier Evan
72%
Grindelwald Gellert
72%
Ginny
72%
Ignotus
72%
Merope
72%
Morfin
72%
Fletcher Mundungus
72%
Flamel Nicolas
72%
Percival
72%
Percy
72%
Vane Romilda
72%
Shunpike Stanley
72%
Grubbly-Plank Wilhelmina
72%
Ogden Bob
68%
Diggle Dedalus
68%
Ollivander Garrick
68%
Ravenclaw Helena
68%
Hopkirk Mafalda
68%
Sprout Pomona
68%
Quirrell Quirinus
68%
Rodolphus
68%
Davies Roger
68%
Hooch Rolanda
68%
Rose
68%
Scorpius
68%
Nott Theodore
68%
Goldstein Anthony
64%
Rookwood Augustus
64%
Edgecombe Marietta
64%
Corner Michael
64%
Thicknesse Pius
64%
Zacharias
64%
Sinistra Aurora
60%
Cadmus
60%
Prewett Fabian
60%
Gideon
60%
Hugo
60%
Polkiss Piers
60%
Victoirre
60%
Peverall Antioch
56%
Bode Broderick
56%
Dominique
56%
Smith Hepzibah
56%
Peakes Jimmy
56%
Jones Gwenog
52%
Dawlish John
52%
Louis
52%
Pandora
52%
Podmore Sturgis
52%
Macnair Walden
52%
Prince Eileen
48%
Hestia
48%
Gregorovitch Mykew
48%
Vector Septima
48%
Kirke Andrew
44%
Abercrombie Euan
44%
Sloper Jack
44%
Phineas Nigellus
44%
Coote Ritchie
44%
Roxanne
44%
Tobias
44%
Twycross Wilkie
44%
Malfoy Abraxas
40%
Robins Demelza
40%
Babbling Bathsheda
36%
Warbeck Celestina
36%
Marchbanks Griselda
36%
Lucy
36%
Perennelle
36%
Fleamont
32%
Euphemia
28%
Black Alphard
24%
Trelawney Cassandra
24%
Dearborn Caradoc
16%
Gorgovitch Dragomir
16%
McDonald Natalie
16%
Otto
16%
Meliflua Araminta
8%
Flavius
8%
Dingle Harold
8%
Lucius I
8%
Armand
4%
Llewellyn Dai
4%
Belby Damocles
4%
Rebastan
4%
Brutus
0%
Septimus
0%
Gamp Ulick
0%
No matching quizzes found
Score Distribution
Percent of People with Each Score
Percentile by Number Answered
Your Score History
You have not taken this quiz since the last reset